| 000 | 00589nam a2200205Ia 4500 | ||
|---|---|---|---|
| 999 |
_c33363 _d33363 |
||
| 003 | GCL | ||
| 005 | 20240530102614.0 | ||
| 008 | 140319s9999 xx 000 0 ara d | ||
| 040 |
_aGCL / _cGCL |
||
| 082 | 0 | 4 |
_a785 / _bهـ م |
| 100 | 1 | _aالهيتمى | |
| 245 | 1 | 0 |
_aمجموعة الموسيقة الالية / _cالهيتمى |
| 260 |
_a[S.N] : _bالجامعة الامريكية بالقاهرة |
||
| 300 |
_a7 جزء : _bايض ؛ _c30 سم. |
||
| 650 | 0 | 4 | _aالمقامات |
| 650 | 0 | 4 | _aالموسيقى |
| 650 | 0 | 4 | _aتحليل |
| 650 | 0 | 4 | _aقوالب |
| 942 |
_2ddc _cBK |
||